Statistics for Historical Timeline of Serbia

Click here to take the quiz!

General Stats

  • This quiz has been taken 131 times
  • The average score is 15 of 17

Answer Stats

YearHintAnswer% Correct
700 | 1815Principality of S_____Principality of Serbia
100%
1091Grand Principality of S_____Grand Principality of Serbia
100%
1217 | 1882Kingdom of S_____Kingdom of Serbia
100%
2006S_____Serbia
100%
1918Kingdom of Y_________Kingdom of Yugoslavia
99%
1945Socialist Y_________Socialist Yugoslavia
99%
1992S_____ and M_________Serbia and Montenegro
99%
1459O______ EmpireOttoman Empire
93%
1346S______ EmpireSerbian Empire
92%
1403S______ DespotateSerbian Despotate
92%
146 BCR____ RepublicRoman Republic
85%
27 BCR____ EmpireRoman Empire
85%
330B________ EmpireByzantine Empire
73%
1943G______Germany
73%
1373Mo______ SerbiaMoravian Serbia
49%

Score Distribution

Percentile by Number Answered

Percent of People with Each Score

Your Score History

You have not taken this quiz